LIBRARY & INFORMATION CENTRE, KCAET, TAVANUR

ONLINE PUBLIC ACCESS CATALOGUE (OPAC)

Land drainage: Planning and design of agricultural drainage systems / (Record no. 7413)

MARC details
000 -LEADER
fixed length control field 00525cam a2200181ua 4500
020 ## - INTERNATIONAL STANDARD BOOK NUMBER
ISBN 0 7134 35003 3
041 ## - LANGUAGE CODE
Language code of text/sound track or separate title eng
082 ## - DEWEY DECIMAL CLASSIFICATION NUMBER
Classification number 631.587
Item number SME/LA
100 ## - MAIN ENTRY--AUTHOR NAME
Personal name Smedana, Lambert K .
245 ## - TITLE STATEMENT
Title Land drainage: Planning and design of agricultural drainage systems /
250 ## - EDITION STATEMENT
Edition statement 1 /
260 ## - PUBLICATION, DISTRIBUTION, ETC. (IMPRINT)
Place of publication London :
Name of publisher Bats ford academic&educational Ltd ,
Year of publication 1983.
300 ## - PHYSICAL DESCRIPTION
Number of Pages 376 ; .
700 1# - ADDED ENTRY--PERSONAL NAME
Personal name Rycroft, David W .
942 ## - ADDED ENTRY ELEMENTS (KOHA)
Koha item type Books
Holdings
Withdrawn status Lost status Damaged status Home library Current library Date acquired Full call number Accession Number Koha item type
      KAUAET KAUAET 07/04/2012 631.587 15946 Books
free website counter